| 000 | 00394nam a22001457a 4500 | ||
|---|---|---|---|
| 003 | MACL | ||
| 005 | 20190411154652.0 | ||
| 008 | 190411b xxu||||| |||| 00| 0 eng d | ||
| 040 | _cMACL | ||
| 100 |
_aChakrabarti,Biplab _974240 |
||
| 245 | _aAn Introduction to the Humanities Resource Centres Of India | ||
| 260 |
_aKolkata _bMitram Pub. _c2016 |
||
| 650 |
_aEducation _974241 |
||
| 942 |
_2ddc _cBK |
||
| 999 |
_c59335 _d59335 |
||